[Event "10th Lost Boys op"]
[Site "Amsterdam NED"]
[Date "2002.08.01"]
[Round "6.11"]
[White "Hendriks, Willy"]
[Black "Halkias, Stelios"]
[Result "0-1"]
[WhiteElo "2410"]
[BlackElo "2550"]
[EventDate "2002.07.26"]
[PlyCount "55"]

1.e4 c5 2.Nf3 Nc6 3.d4 cxd4 4.Nxd4 Qc7 5.Nc3 e6 6.f4 Nxd4 7.Qxd4 a6 8.Be3 
b5 9.Be2 Bb7 10.O-O Rc8 11.Rad1 Nf6 12.Bf3 h5 13.Rd2 Bc6 14.e5 Ng4 15.Bxg4
hxg4 16.f5 b4 17.fxe6 dxe6 18.Ne4 Bxe4 19.Qxe4 Bc5 20.Bxc5 Qxc5+ 21.Kh1 
Qc4 22.Qf4 O-O 23.Rd4 Qxc2 24.Rxb4 f5 25.Rb7 Qd3 26.Kg1 Rc2 27.Rb3 Qd5 28.
Re1 0-1

[Event "10th Lost Boys op"]
[Site "Amsterdam NED"]
[Date "2002.08.01"]
[Round "6.12"]
[White "Jens, Jelmer"]
[Black "Van der Wiel, John"]
[Result "1/2-1/2"]
[WhiteElo "2369"]
[BlackElo "2506"]
[EventDate "2002.07.26"]
[PlyCount "110"]

1.e4 c5 2.Nf3 d6 3.d4 Nf6 4.Nc3 cxd4 5.Nxd4 Nc6 6.Bg5 e6 7.Qd2 a6 8.O-O-O 
Bd7 9.f3 Qc7 10.h4 Ne5 11.Kb1 h6 12.Bxf6 gxf6 13.f4 Nc6 14.Bc4 Nxd4 15.
Qxd4 Rg8 16.Rd2 b5 17.Be2 Qc5 18.Bf3 Qxd4 19.Rxd4 Rb8 20.Ne2 Be7 21.Rd2 b4
22.f5 e5 23.Rh3 Bb5 24.Ng3 Kd7 25.Rd1 Bd8 26.Nf1 Bb6 27.h5 Ke7 28.g4 a5 
29.Rh2 Bc5 30.Re1 Bxf1 31.Rxf1 Bd4 32.Rd1 a4 33.Rd3 Rgc8 34.Re2 a3 35.b3 
Rc5 36.Kc1 Rbc8 37.Kd1 R8c6 38.Red2 Bc3 39.Re2 Rc7 40.Rd5 Bd4 41.Rxc5 dxc5
42.Rd2 c4 43.bxc4 Bc3 44.Rd5 Rxc4 45.Rd3 Ba1 46.Bg2 Bd4 47.Bf1 Rc8 48.Be2 
Kd6 49.Bf1 Rc5 50.Be2 Rc6 51.Bf1 Kc5 52.Be2 Rd6 53.Bf1 Bc3 54.Rxd6 Kxd6 
55.Ke2 Kc5 1/2-1/2

[Event "10th Lost Boys op"]
[Site "Amsterdam NED"]
[Date "2002.08.01"]
[Round "6.13"]
[White "Smeets, Jan"]
[Black "Jonkman, Harmen"]
[Result "1-0"]
[WhiteElo "2392"]
[BlackElo "2497"]
[EventDate "2002.07.26"]
[PlyCount "69"]

1.e4 e5 2.Nf3 Nc6 3.d4 exd4 4.Nxd4 Nf6 5.Nxc6 bxc6 6.e5 Qe7 7.Qe2 Nd5 8.c4
Ba6 9.b3 g5 10.h4 Bg7 11.Bb2 h6 12.Qe4 Nb6 13.hxg5 hxg5 14.Rxh8+ Bxh8 15.
Nd2 d5 16.Qe3 dxc4 17.Nxc4 Bxc4 18.Bxc4 Nxc4 19.bxc4 O-O-O 20.Kf1 Qb4 21.
Qb3 Qxb3 22.axb3 Re8 23.Rxa7 Kd7 24.Ra5 Rb8 25.Rc5 Ke7 26.Rxc6 Rxb3 27.
Rxc7+ Ke6 28.Bd4 Rd3 29.Rc6+ Kf5 30.Rd6 Rd2 31.c5 Rc2 32.e6 Bxd4 33.e7 
Bxc5 34.Rd5+ Ke6 35.Rxc5 1-0

[Event "10th Lost Boys op"]
[Site "Amsterdam NED"]
[Date "2002.08.01"]
[Round "6.15"]
[White "Afek, Yochanan"]
[Black "Berkvens, Joost"]
[Result "0-1"]
[WhiteElo "2329"]
[BlackElo "2467"]
[EventDate "2002.07.26"]
[PlyCount "90"]

1.e4 c5 2.c3 d5 3.exd5 Qxd5 4.d4 g6 5.Nf3 Bg7 6.c4 Qd6 7.d5 Nf6 8.Nc3 O-O 
9.g3 e6 10.Bf4 Qb6 11.Qd2 exd5 12.cxd5 Re8+ 13.Be2 Ne4 14.Nxe4 Rxe4 15.O-O
Qxb2 16.Bd3 Qxd2 17.Bxd2 Re8 18.Rfe1 Bd7 19.Rab1 b6 20.Bf4 Rxe1+ 21.Rxe1 
b5 22.Ne5 c4 23.Be4 Bxe5 24.Bxe5 Na6 25.Bd4 Re8 26.Re3 f5 27.Bb1 Nb4 28.
Rxe8+ Bxe8 29.a3 Nxd5 30.Bxa7 Nc3 31.Bc2 Bc6 32.Kf1 Be4 33.Bxe4 Nxe4 34.
Ke2 Kf7 35.Ke3 Ke6 36.f3 Nf6 37.Kd4 Nd7 38.f4 Kd6 39.Kc3 Nf6 40.Kd4 Ne4 
41.h4 Nf6 42.Bc5+ Kc6 43.Bb4 Ne4 44.g4 c3 45.Kd3 c2 0-1

[Event "10th Lost Boys op"]
[Site "Amsterdam NED"]
[Date "2002.08.01"]
[Round "6.16"]
[White "Stellwagen, Daniel"]
[Black "Piceu, Tom"]
[Result "1-0"]
[WhiteElo "2464"]
[BlackElo "2173"]
[EventDate "2002.07.26"]
[PlyCount "91"]

1.e4 e6 2.d4 d5 3.Nd2 Nf6 4.e5 Nfd7 5.c3 c5 6.f4 Nc6 7.Ndf3 Qb6 8.g3 cxd4 
9.cxd4 Be7 10.Bh3 O-O 11.Ne2 f6 12.Rf1 f5 13.g4 Bb4+ 14.Bd2 Ne7 15.Bxb4 
Qxb4+ 16.Qd2 Qxd2+ 17.Kxd2 Nb6 18.b3 Bd7 19.a4 a5 20.Rac1 Rac8 21.Rc5 Rxc5
22.dxc5 Na8 23.gxf5 Nxf5 24.Bxf5 Rxf5 25.Nfd4 Rf8 26.Rc1 Rc8 27.f5 exf5 
28.e6 Bc6 29.Nxf5 Re8 30.Ned4 Nc7 31.Re1 g6 32.Nd6 Re7 33.Nc8 Re8 34.Nd6 
Re7 35.h4 Na6 36.Nc8 Re8 37.Nd6 Re7 38.Nc8 Re8 39.Nxc6 bxc6 40.e7 Rxc8 41.
e8=Q+ Rxe8 42.Rxe8+ Kf7 43.Rc8 Nxc5 44.Rxc6 Nxb3+ 45.Kc3 Nc1 46.Kd4 1-0

[Event "10th Lost Boys op"]
[Site "Amsterdam NED"]
[Date "2002.08.01"]
[Round "6.17"]
[White "Krnic, Zdenko"]
[Black "Bosboom, Manuel"]
[Result "1/2-1/2"]
[WhiteElo "2365"]
[BlackElo "2451"]
[EventDate "2002.07.26"]
[PlyCount "126"]

1.Nf3 c5 2.c4 a6 3.g3 b5 4.Bg2 Bb7 5.Nc3 Bc6 6.O-O Nf6 7.d4 cxd4 8.Nxd4 
Bxg2 9.Kxg2 bxc4 10.e4 Qc7 11.Bg5 e6 12.Bxf6 gxf6 13.Qe2 Nc6 14.Qxc4 Rc8 
15.Rfd1 Qb7 16.Nxc6 Rxc6 17.Qe2 Bb4 18.Qf3 Be7 19.Rd3 d6 20.Rad1 O-O 21.
R1d2 Rc5 22.Ne2 Re5 23.Rd4 Rc8 24.h4 f5 25.Nc3 Kg7 26.Re2 Qc6 27.Rd3 fxe4 
28.Rxe4 Rf5 29.Qe2 Bf6 30.Kg1 d5 31.Qg4+ Kf8 32.Rf4 Rxf4 33.Qxf4 Bg7 34.
Rf3 Qc7 35.Qa4 Qb7 36.Ne2 Rc4 37.Qa3+ Kg8 38.Rb3 Qc8 39.Qd6 Bf8 40.Qe5 Re4
41.Qg5+ Bg7 42.Nf4 h6 43.Qh5 Qc7 44.Kg2 Rc4 45.Qe2 Be5 46.Nd3 Bg7 47.Nf4 
a5 48.Nh5 Qe5 49.Qf3 Rb4 50.Rxb4 axb4 51.Nxg7 Qxg7 52.Qb3 Qd4 53.a3 bxa3 
54.bxa3 Qe4+ 55.Kf1 d4 56.f3 Qc6 57.Ke2 Kg7 58.a4 e5 59.Kd2 f5 60.a5 e4 
61.Qb4 Qd5 62.Qe7+ Kg6 63.Qe8+ Kg7 1/2-1/2

[Event "10th Lost Boys op"]
[Site "Amsterdam NED"]
[Date "2002.08.01"]
[Round "6.18"]
[White "Van Wessel, Rudy"]
[Black "Werle, Jan"]
[Result "0-1"]
[WhiteElo "2360"]
[BlackElo "2443"]
[EventDate "2002.07.26"]
[PlyCount "82"]

1.e4 e6 2.d4 d5 3.Nd2 Nf6 4.e5 Nfd7 5.c3 c5 6.Bd3 Nc6 7.Ne2 cxd4 8.cxd4 f6
9.Nf4 Qe7 10.Nf3 fxe5 11.dxe5 Nc5 12.Bc2 g6 13.h4 Ne4 14.a3 Bg7 15.Qe2 b6 
16.Bxe4 dxe4 17.Qxe4 Bb7 18.Qe2 Rd8 19.h5 g5 20.h6 gxf4 21.hxg7 Qxg7 22.
Bxf4 Nd4 23.Nxd4 Rxd4 24.Qh5+ Kd7 25.Rd1 Rxd1+ 26.Qxd1+ Kc8 27.Qc2+ Kb8 
28.f3 h5 29.Kf2 h4 30.Qd2 Qg6 31.Bg5 Rg8 32.Rxh4 Qxg5 33.Qd6+ Ka8 34.Rg4 
Qd8 35.Qxe6 Qd2+ 36.Kg3 Qe1+ 37.Kf4 Rf8+ 38.Kg5 Qd2+ 39.f4 Qd8+ 40.Kh6 Bc8
41.Qc6+ Kb8 0-1

[Event "10th Lost Boys op"]
[Site "Amsterdam NED"]
[Date "2002.08.01"]
[Round "6.20"]
[White "Bachofner, Andreas"]
[Black "Van der Werf, Mark"]
[Result "1/2-1/2"]
[WhiteElo "2327"]
[BlackElo "2422"]
[EventDate "2002.07.26"]
[PlyCount "87"]

1.Nf3 d5 2.b3 Bg4 3.Bb2 Bxf3 4.exf3 e6 5.g3 Nf6 6.Bg2 g6 7.f4 Bg7 8.d3 Nc6
9.Nd2 O-O 10.Nf3 d4 11.O-O Nd5 12.Re1 Re8 13.Ne5 Nxe5 14.fxe5 c5 15.Qe2 
Qd7 16.h4 Rac8 17.a4 b6 18.h5 Rc7 19.f4 Ne3 20.Be4 f5 21.exf6 Bxf6 22.hxg6
hxg6 23.Kf2 Re7 24.Rh1 Qe8 25.Rag1 Rh7 26.Bc1 Rcg7 27.c4 Kf7 28.Qf3 Rh8 
29.Rxh8 Qxh8 30.Rh1 Rh7 31.Rxh7+ Qxh7 32.Bxe3 dxe3+ 33.Kxe3 Qh2 34.Qg2 Qh8
35.Bb7 Bb2 36.Qe4 Qc3 37.Kf3 Qxb3 38.Bc8 Qd1+ 39.Kg2 Qg4 40.Qb7+ Kf6 41.
Qd7 Qe2+ 42.Kh3 Qf1+ 43.Kh2 Qe2+ 44.Kh3 1/2-1/2

[Event "10th Lost Boys op"]
[Site "Amsterdam NED"]
[Date "2002.08.01"]
[Round "6.21"]
[White "Klinova, Masha"]
[Black "Dambacher, Martijn"]
[Result "0-1"]
[WhiteElo "2407"]
[BlackElo "2297"]
[EventDate "2002.07.26"]
[PlyCount "54"]

1.e4 e6 2.d3 d5 3.Nd2 Nf6 4.Ngf3 c5 5.g3 Nc6 6.Bg2 Be7 7.O-O O-O 8.Re1 b5 
9.h4 b4 10.e5 Nd7 11.Nf1 a5 12.Bf4 a4 13.Ng5 Qe8 14.Ne3 a3 15.b3 Nd4 16.
Qh5 h6 17.Nxd5 exd5 18.Bxd5 Nb6 19.Bxa8 hxg5 20.hxg5 Nxa8 21.Kg2 Bb7+ 22.
Re4 Bxg5 23.Qxg5 f5 24.exf6 Bxe4+ 25.dxe4 Qxe4+ 26.Kh3 Rxf6 27.Qxc5 Rf5 
0-1

[Event "10th Lost Boys op"]
[Site "Amsterdam NED"]
[Date "2002.08.01"]
[Round "6.22"]
[White "Wiersma, Eelke"]
[Black "De Heer, Machiel"]
[Result "1/2-1/2"]
[WhiteElo "2382"]
[BlackElo "2293"]
[EventDate "2002.07.26"]
[PlyCount "39"]

1.e4 d5 2.exd5 Nf6 3.Nf3 Nxd5 4.d4 Bg4 5.Be2 e6 6.O-O Be7 7.c4 Nb6 8.Be3 
O-O 9.Qb3 Nc6 10.Nbd2 Bf6 11.Rfd1 a5 12.h3 Bf5 13.Qc3 Nb4 14.Ne1 c5 15.Nb3
Na4 16.Qd2 cxd4 17.Nxd4 Bg6 18.b3 Nc5 19.Rac1 Qe7 20.Qb2 1/2-1/2

[Event "10th Lost Boys op"]
[Site "Amsterdam NED"]
[Date "2002.08.01"]
[Round "6.23"]
[White "Odendahl, Reiner"]
[Black "Van der Elburg, Freddie"]
[Result "1-0"]
[WhiteElo "2379"]
[BlackElo "2275"]
[EventDate "2002.07.26"]
[PlyCount "37"]

1.Nf3 f5 2.d3 d6 3.e4 e5 4.Nc3 Nf6 5.exf5 Bxf5 6.d4 e4 7.Nh4 Be6 8.d5 Bf7 
9.Nf5 Bg6 10.Nd4 c6 11.Bg5 Be7 12.Ne6 Qd7 13.Bc4 Nxd5 14.Nxd5 cxd5 15.
Nxg7+ Kf8 16.Qxd5 Bxg5 17.Ne6+ Ke8 18.Qxg5 Nc6 19.Qf6 1-0

[Event "10th Lost Boys op"]
[Site "Amsterdam NED"]
[Date "2002.08.01"]
[Round "6.24"]
[White "Nicolai, Erik"]
[Black "Vidarsson, Jon Gardar"]
[Result "0-1"]
[WhiteElo "2238"]
[BlackElo "2378"]
[EventDate "2002.07.26"]
[PlyCount "130"]

1.Nf3 c5 2.c4 b6 3.g3 Bb7 4.Bg2 g6 5.O-O Bg7 6.Nc3 Nf6 7.d4 cxd4 8.Qxd4 
Nc6 9.Qh4 h6 10.Nd5 Rc8 11.Rb1 Na5 12.Nd2 g5 13.Qd4 O-O 14.Qd3 Ba6 15.b3 
Nxd5 16.Qxd5 Bb7 17.Qd3 Bxg2 18.Kxg2 Nc6 19.Nf3 d5 20.cxd5 Nb4 21.Qf5 Qxd5
22.Qxd5 Nxd5 23.Bb2 Rc2 24.Bxg7 Kxg7 25.Nd4 Rxa2 26.Ra1 Rxa1 27.Rxa1 a5 
28.e4 Nc3 29.f3 e6 30.Rc1 Na2 31.Rc7 Kf6 32.Nc6 Nc3 33.e5+ Kg7 34.Nd4 Nd5 
35.Nxe6+ Kg8 36.Nxf8 Nxc7 37.Nd7 b5 38.Nc5 Ne6 39.Nd3 a4 40.bxa4 bxa4 41.
Kf2 a3 42.Nb4 Kg7 43.Ke3 Kg6 44.g4 Kg7 45.Na2 Kf8 46.Ke4 Ke7 47.Nc3 Nc5+ 
48.Kf5 Nb3 49.Na2 Nd4+ 50.Ke4 Ne2 51.Kf5 Kf8 52.Ke4 Ke8 53.Ke3 Nf4 54.Ke4 
Ng6 55.Kf5 Ke7 56.Nc3 Nh4+ 57.Ke4 Ke6 58.f4 gxf4 59.Kxf4 Ng6+ 60.Ke4 Nxe5 
61.h3 Ng6 62.Na2 Kf6 63.Kf3 Ke5 64.Ke3 Nf4 65.h4 Ng2+ 0-1

[Event "10th Lost Boys op"]
[Site "Amsterdam NED"]
[Date "2002.08.01"]
[Round "6.25"]
[White "Erwich, Marc"]
[Black "Vogel, Jaap"]
[Result "1/2-1/2"]
[WhiteElo "2376"]
[BlackElo "2266"]
[EventDate "2002.07.26"]
[PlyCount "85"]

1.e4 e6 2.d4 d5 3.e5 c5 4.c3 Nc6 5.Nf3 Bd7 6.Be2 Nge7 7.Na3 cxd4 8.cxd4 
Nf5 9.Nc2 Qb6 10.O-O Rc8 11.b3 Nb4 12.Nxb4 Bxb4 13.Bb2 Bb5 14.a4 Bxe2 15.
Qxe2 O-O 16.Rfc1 Ne7 17.Qd3 h6 18.Kf1 a6 19.Ke2 Ng6 20.g3 Ne7 21.Nh4 Nc6 
22.f4 Be7 23.Nf3 Nb4 24.Qd1 a5 25.Ba3 Qa6+ 26.Ke3 b6 27.Bxb4 Bxb4 28.Qd3 
Qb7 29.g4 Rxc1 30.Rxc1 Rc8 31.Rc2 Rc6 32.Ng1 Qc8 33.Rxc6 Qxc6 34.Ne2 Qc7 
35.f5 Qe7 36.fxe6 Qxe6 37.h3 Be7 38.Kf3 h5 39.Qf5 hxg4+ 40.hxg4 Qc6 41.Qd3
Qh6 42.Kg2 Qg5 43.Qf3 1/2-1/2

[Event "10th Lost Boys op"]
[Site "Amsterdam NED"]
[Date "2002.08.01"]
[Round "6.26"]
[White "Wegerle, Jorg"]
[Black "Michielsen, Joost"]
[Result "1-0"]
[WhiteElo "2365"]
[BlackElo "2163"]
[EventDate "2002.07.26"]
[PlyCount "71"]

1.e4 e6 2.d4 d5 3.Nc3 Bb4 4.e5 c5 5.a3 Bxc3+ 6.bxc3 Ne7 7.Qg4 O-O 8.Bd3 f5
9.exf6 Rxf6 10.Bg5 Rf7 11.Qh5 g6 12.Qd1 Qf8 13.Nf3 Nbc6 14.O-O c4 15.Be2 
h6 16.Bc1 Qg7 17.a4 Bd7 18.Ba3 g5 19.a5 Ng6 20.Bd6 Kh7 21.g3 Re8 22.Rb1 g4
23.Ne1 Nxa5 24.Ng2 b6 25.Bxg4 e5 26.Bh5 exd4 27.cxd4 Nc6 28.c3 Bf5 29.Rb2 
Qf6 30.Ba3 Bd3 31.Re1 Rxe1+ 32.Nxe1 Be4 33.f3 Bf5 34.Rf2 b5 35.g4 Qg5 36.
Bc1 1-0

[Event "10th Lost Boys op"]
[Site "Amsterdam NED"]
[Date "2002.08.01"]
[Round "6.28"]
[White "Piasetski, Leon David"]
[Black "Bakker, Sven"]
[Result "0-1"]
[WhiteElo "2350"]
[BlackElo "2149"]
[EventDate "2002.07.26"]
[PlyCount "76"]

1.c4 e6 2.Nc3 d5 3.d4 Be7 4.cxd5 exd5 5.Bf4 c6 6.Qc2 g6 7.e3 Bf5 8.Qd2 Nf6
9.Nge2 Nbd7 10.h3 Nb6 11.Ng3 Be6 12.Bd3 Bd6 13.O-O O-O 14.Rad1 Nc4 15.Bxc4
Bxf4 16.exf4 dxc4 17.f5 Bd5 18.Qf4 Re8 19.Rfe1 Kg7 20.Re3 b5 21.Rde1 b4 
22.Rxe8 Nxe8 23.Na4 Qd6 24.Qe5+ Qxe5 25.dxe5 f6 26.Nc5 fxe5 27.Rxe5 Nd6 
28.Re7+ Kf6 29.Rxh7 Nxf5 30.Nxf5 Kxf5 31.Re7 a5 32.Re3 a4 33.a3 c3 34.bxc3
bxa3 35.g4+ Kf6 36.Re1 a2 37.Nd3 Rb8 38.Ra1 Rb1+ 0-1

[Event "10th Lost Boys op"]
[Site "Amsterdam NED"]
[Date "2002.08.01"]
[Round "6.30"]
[White "Hopman, Pieter"]
[Black "Strating, Sybolt"]
[Result "1/2-1/2"]
[WhiteElo "2225"]
[BlackElo "2341"]
[EventDate "2002.07.26"]
[PlyCount "132"]

1.e4 c5 2.d3 Nc6 3.f4 g6 4.Nf3 Bg7 5.Be2 d5 6.e5 f6 7.exf6 Nxf6 8.O-O O-O 
9.c3 d4 10.c4 Ng4 11.Na3 Ne3 12.Bxe3 dxe3 13.Rb1 Rxf4 14.Nc2 Bd4 15.Qc1 
Rf6 16.Kh1 Qc7 17.Nxe3 Nb4 18.a3 Bxe3 19.Qxe3 Nc2 20.Qd2 Nd4 21.Nxd4 cxd4 
22.Bf3 Bf5 23.g4 Bd7 24.Bd5+ Kg7 25.Rxf6 exf6 26.g5 Re8 27.gxf6+ Kxf6 28.
Qf2+ Bf5 29.Qh4+ Kg7 30.Qxd4+ Qe5 31.Qxe5+ Rxe5 32.Bxb7 Bxd3 33.Rc1 Kf6 
34.b4 Bf5 35.a4 h5 36.a5 h4 37.b5 Ke7 38.a6 Be4+ 39.Bxe4 Rxe4 40.b6 Kd7 
41.b7 Kc7 42.Rb1 Re8 43.Kg2 g5 44.Kf3 Kb8 45.Rb5 Re6 46.Ra5 Rc6 47.h3 Rf6+
48.Kg4 Rg6 49.Ra3 Kc7 50.Kf5 Rc6 51.Kxg5 Kb8 52.Rb3 Rxa6 53.Kxh4 Ra4 54.
Rc3 Kxb7 55.Kg5 Ra1 56.h4 Rg1+ 57.Kh6 Kc6 58.h5 a5 59.Ra3 Kb6 60.Kh7 Rg4 
61.Ra4 Rg5 62.h6 Rc5 63.Kg8 Rc8+ 64.Kf7 Rc7+ 65.Kg6 Rc6+ 66.Kg5 Rc5+ 
1/2-1/2

[Event "10th Lost Boys op"]
[Site "Amsterdam NED"]
[Date "2002.08.01"]
[Round "6.31"]
[White "Daly, Colm"]
[Black "Van Kooten, Luuk"]
[Result "1-0"]
[WhiteElo "2338"]
[BlackElo "2259"]
[EventDate "2002.07.26"]
[PlyCount "151"]

1.Nf3 Nf6 2.c4 g6 3.Nc3 d5 4.cxd5 Nxd5 5.e4 Nxc3 6.bxc3 Bg7 7.d4 c5 8.Be3 
Qa5 9.Qd2 Nc6 10.Rc1 cxd4 11.cxd4 Qxd2+ 12.Kxd2 O-O 13.d5 Rd8 14.Ke1 Na5 
15.Bg5 Bd7 16.Bd3 Rdc8 17.Ke2 e6 18.Be3 exd5 19.exd5 b5 20.Rxc8+ Rxc8 21.
Bxa7 Nc4 22.Bd4 Re8+ 23.Kd1 Bxd4 24.Nxd4 Re5 25.Bxc4 bxc4 26.Kd2 Rxd5 27.
Kc3 Ra5 28.Ra1 Ra4 29.a3 Kf8 30.Nc2 Bf5 31.Ne3 Be6 32.Nd1 Ke7 33.Nb2 Ra8 
34.a4 Rb8 35.Ra3 Kd7 36.a5 Rb3+ 37.Rxb3 cxb3 38.Nd3 Bd5 39.g3 f6 40.a6 Kc7
41.Nc5 Kb6 42.Nd7+ Kxa6 43.Nxf6 Be6 44.Nxh7 Kb5 45.Ng5 Bd5 46.Nh7 Kc5 47.
Nf6 Bf7 48.Ne4+ Kc6 49.Nd2 Kd5 50.Nxb3 g5 51.Kd3 g4 52.Ke3 Ke5 53.Nd4 Bd5 
54.Ne2 Bb7 55.Nf4 Bc6 56.Nd3+ Kf5 57.Kd4 Bf3 58.Nb4 Be4 59.Nd5 Bf3 60.Ne3+
Kf6 61.Nf1 Kf5 62.Nd2 Bb7 63.Nb3 Bg2 64.Ke3 Bd5 65.Nd4+ Ke5 66.Ne2 Kf5 67.
Nf4 Bc6 68.h3 gxh3 69.Nxh3 Kg4 70.Nf4 Bb7 71.Nd3 Kf5 72.f4 Kg4 73.Kf2 Bc8 
74.Ne5+ Kh3 75.Nf7 Bd7 76.Nh6 1-0

[Event "10th Lost Boys op"]
[Site "Amsterdam NED"]
[Date "2002.08.01"]
[Round "6.36"]
[White "Wustefeld, Emile"]
[Black "Boersma, Jan"]
[Result "1-0"]
[WhiteElo "2295"]
[BlackElo "2230"]
[EventDate "2002.07.26"]
[PlyCount "81"]

1.e4 e6 2.d4 d5 3.Nc3 Nf6 4.Bg5 Be7 5.e5 Nfd7 6.Bxe7 Qxe7 7.f4 a6 8.Nf3 c5
9.Qd2 Nc6 10.dxc5 Nxc5 11.Bd3 b5 12.a3 Bb7 13.O-O g6 14.Ne2 O-O 15.Ned4 
Nxd4 16.Nxd4 f5 17.exf6 Qxf6 18.c3 Ne4 19.Qe3 Rae8 20.Rae1 e5 21.fxe5 Qxe5
22.Rf3 Qh5 23.Rxf8+ Rxf8 24.Bxe4 dxe4 25.Ne6 Re8 26.Qd4 Rxe6 27.Qd8+ Kg7 
28.Qd7+ Kh6 29.Qxe6 Qc5+ 30.Kh1 Qf2 31.Qh3+ Kg7 32.Qg3 Qd2 33.h4 a5 34.Qe3
Qd8 35.Qd4+ Qxd4 36.cxd4 Kf7 37.Kg1 Ke6 38.Kf2 Bd5 39.Ke3 Kf5 40.Rf1+ Kg4 
41.Rf4+ 1-0

[Event "10th Lost Boys op"]
[Site "Amsterdam NED"]
[Date "2002.08.01"]
[Round "6.37"]
[White "De Saegher, Chris"]
[Black "Prakken, Gerrit"]
[Result "1/2-1/2"]
[WhiteElo "2217"]
[BlackElo "2290"]
[EventDate "2002.07.26"]
[PlyCount "31"]

1.d4 d5 2.c4 e6 3.Nf3 c6 4.g3 dxc4 5.Bg2 b5 6.O-O Bb7 7.Nc3 Nf6 8.Ne5 Qb6 
9.a4 Bb4 10.e4 Bxc3 11.bxc3 O-O 12.Ba3 Re8 13.Nxf7 Kxf7 14.e5 Nbd7 15.exf6
Nxf6 16.Qf3 1/2-1/2

[Event "10th Lost Boys op"]
[Site "Amsterdam NED"]
[Date "2002.08.01"]
[Round "6.38"]
[White "Van Egmond, Rogier Marcel"]
[Black "Riemens, Albert"]
[Result "1/2-1/2"]
[WhiteElo "2276"]
[BlackElo "2225"]
[EventDate "2002.07.26"]
[PlyCount "123"]

1.c4 Nf6 2.g3 g6 3.Bg2 Bg7 4.Nc3 c5 5.a3 Nc6 6.Rb1 a5 7.Nh3 O-O 8.O-O d6 
9.Nf4 Bd7 10.d3 Rb8 11.Bd2 e5 12.Nfd5 Nxd5 13.Bxd5 Ne7 14.Bg2 Bc6 15.b4 
Bxg2 16.Kxg2 axb4 17.axb4 cxb4 18.Nb5 Nc6 19.e4 Re8 20.Bxb4 Bf8 21.Bc3 Bg7
22.Qd2 Qd7 23.f4 f6 24.f5 g5 25.Rb3 Bf8 26.Rfb1 Ra8 27.Na3 Ra7 28.Qb2 Rea8
29.Nc2 Ra2 30.Qc1 R8a7 31.R1b2 Rxb2 32.Qxb2 Be7 33.Ne3 Bd8 34.Nd5 Qc8 35.
Qe2 Qd7 36.Qd2 Qc8 37.Qd1 Qd7 38.Qb1 Qc8 39.Kh3 Qd7 40.Qd1 Kg7 41.Qb1 Qf7 
42.Kg2 Ba5 43.Bxa5 Nxa5 44.Ra3 Nc6 45.Rxa7 Nxa7 46.Qb6 Nc6 47.g4 Qd7 48.
Nc7 Qc8 49.Ne6+ Kf7 50.Kg3 Ke7 51.c5 dxc5 52.Qxc5+ Kf7 53.Qd5 Ke7 54.Qc5+ 
Kf7 55.Qd6 Ne7 56.Nc7 b5 57.Nxb5 Qc1 58.Qe6+ Ke8 59.Nd6+ Kd8 60.Nb7+ Ke8 
61.Nd6+ Kd8 62.Nf7+ 1/2-1/2

[Event "10th Lost Boys op"]
[Site "Amsterdam NED"]
[Date "2002.08.01"]
[Round "6.39"]
[White "Wemmers, Xander"]
[Black "Muhren, Willem"]
[Result "1-0"]
[WhiteElo "2274"]
[BlackElo "2182"]
[EventDate "2002.07.26"]
[PlyCount "81"]

1.e4 c5 2.Nf3 Nc6 3.d4 cxd4 4.Nxd4 g6 5.c4 Bg7 6.Be3 Nf6 7.Nc3 Ng4 8.Qxg4 
Nxd4 9.Qd1 Ne6 10.Rc1 Qa5 11.Bd3 g5 12.O-O Qe5 13.c5 O-O 14.Nd5 Nf4 15.Bb1
Rd8 16.Qc2 Kf8 17.g3 Ne6 18.f4 gxf4 19.gxf4 Qxb2 20.f5 Qxc2 21.Rxc2 Nd4 
22.f6 Bxf6 23.Rg2 Bg7 24.Rxg7 Kxg7 25.Bxd4+ Kf8 26.Be3 f6 27.e5 Kf7 28.
exf6 e6 29.Nc7 Rg8+ 30.Kh1 b5 31.Be4 Rb8 32.c6 dxc6 33.Bf3 Kxf6 34.Bc5 Bb7
35.Bd6 Rbd8 36.Be4+ Kg7 37.Nxe6+ Kh6 38.Bf4+ Kh5 39.Nxd8 Rxd8 40.Rg1 Rd4 
41.Bf3+ 1-0

[Event "10th Lost Boys op"]
[Site "Amsterdam NED"]
[Date "2002.08.01"]
[Round "6.40"]
[White "Tan, Kevin"]
[Black "Blanchard, Jack"]
[Result "1-0"]
[WhiteElo "2165"]
[BlackElo "2255"]
[EventDate "2002.07.26"]
[PlyCount "55"]

1.e4 c6 2.c4 Qa5 3.Nc3 e5 4.g3 Nf6 5.Bg2 d6 6.d4 Qb4 7.Ne2 Qxc4 8.O-O Be7 
9.b3 Qa6 10.Bb2 Nbd7 11.f4 Qb6 12.Qd2 h5 13.h3 Rh6 14.Rad1 Qc7 15.Nb1 b5 
16.Kh1 Ng8 17.fxe5 dxe5 18.Rf5 Nf8 19.Rff1 Rd6 20.Qc1 Ng6 21.dxe5 Rxd1 22.
Rxd1 Bd7 23.a4 a6 24.Nd4 Nh6 25.axb5 Qc8 26.Nf5 cxb5 27.Nxg7+ Kf8 28.Qxh6 
1-0

[Event "10th Lost Boys op"]
[Site "Amsterdam NED"]
[Date "2002.08.01"]
[Round "6.42"]
[White "Plasman, Hans"]
[Black "Theulings, Paul-Peter"]
[Result "1-0"]
[WhiteElo "2255"]
[BlackElo "2133"]
[EventDate "2002.07.26"]
[PlyCount "47"]

1.e4 Nf6 2.e5 Nd5 3.d4 d6 4.Nf3 Nc6 5.c4 Nb6 6.exd6 exd6 7.Be2 Be7 8.O-O 
O-O 9.Be3 Bf6 10.h3 h6 11.Qc2 Ne7 12.Bd3 Qd7 13.Nbd2 Nf5 14.Ne4 Be7 15.Ng3
Nxg3 16.fxg3 Qd8 17.Rae1 c6 18.g4 Be6 19.Qc1 d5 20.c5 Nd7 21.Bxh6 Nxc5 22.
dxc5 gxh6 23.Qxh6 Bxc5+ 24.Kh1 1-0

[Event "10th Lost Boys op"]
[Site "Amsterdam NED"]
[Date "2002.08.01"]
[Round "6.44"]
[White "Bertrem, Stijn"]
[Black "Willemze, Thomas"]
[Result "1-0"]
[WhiteElo "2220"]
[BlackElo "2253"]
[EventDate "2002.07.26"]
[PlyCount "39"]

1.d4 Nf6 2.c4 c5 3.d5 b5 4.Nf3 g6 5.Qc2 d6 6.e4 Bg7 7.cxb5 a6 8.Nc3 O-O 9.
a4 axb5 10.Bxb5 Na6 11.O-O Ng4 12.Qe2 Nc7 13.Bf4 f5 14.e5 Bb7 15.Bc4 Kh8 
16.h3 Ba6 17.Nb5 Nxb5 18.axb5 Bb7 19.hxg4 fxg4 20.Ng5 1-0

[Event "10th Lost Boys op"]
[Site "Amsterdam NED"]
[Date "2002.08.01"]
[Round "6.45"]
[White "Happel, Hendrik"]
[Black "Kohler, Aran"]
[Result "1-0"]
[WhiteElo "2254"]
[BlackElo "2298"]
[EventDate "2002.07.26"]
[PlyCount "111"]

1.d4 Nf6 2.c4 c5 3.d5 b5 4.cxb5 a6 5.bxa6 g6 6.Nc3 Bxa6 7.Nf3 Bg7 8.g3 O-O
9.Bg2 d6 10.Rb1 Bc8 11.Nd2 Bf5 12.e4 Bg4 13.Qc2 Na6 14.a3 Qc8 15.Nc4 Rb8 
16.Na5 Bd7 17.O-O c4 18.Nc6 Bxc6 19.dxc6 e6 20.Rd1 Ng4 21.Bg5 Qc7 22.Qa4 
Qb6 23.Qc2 Bd4 24.Rd2 f6 25.Bf4 e5 26.Nd5 Bxf2+ 27.Rxf2 Qxf2+ 28.Qxf2 Nxf2
29.Bh6 Nd3 30.Bxf8 Kxf8 31.Bf1 Nac5 32.b4 Nxe4 33.Bxd3 cxd3 34.c7 Rc8 35.
b5 Nc5 36.b6 Nb7 37.Kf2 f5 38.Ke3 e4 39.a4 Ke8 40.Rb5 Kd7 41.a5 Ra8 42.
Nf6+ Kc8 43.Ng8 Nc5 44.Ne7+ Kb7 45.c8=Q+ Rxc8 46.Nxc8 Kxc8 47.b7+ Kb8 48.
Rb6 Nd7 49.Rb1 Ka7 50.g4 d5 51.gxf5 gxf5 52.Rb5 d4+ 53.Kxd4 d2 54.Rb1 
d1=R+ 55.Rxd1 Kxb7 56.Rf1 1-0

[Event "10th Lost Boys op"]
[Site "Amsterdam NED"]
[Date "2002.08.01"]
[Round "6.46"]
[White "Ryan, Joseph"]
[Black "Leuw, Micha"]
[Result "1-0"]
[WhiteElo "2289"]
[BlackElo "2220"]
[EventDate "2002.07.26"]
[PlyCount "67"]

1.e4 d6 2.d4 Nf6 3.Nc3 g6 4.Nf3 Bg7 5.Be2 O-O 6.O-O c6 7.a4 a5 8.h3 Nbd7 
9.Be3 e5 10.dxe5 dxe5 11.Nd2 Re8 12.Nc4 Bf8 13.Nd6 Re6 14.Nxc8 Rxc8 15.Bc4
Re8 16.Qf3 Qe7 17.Rad1 Kg7 18.g4 Rc7 19.Bb3 Nc5 20.Kg2 Nfd7 21.g5 Ne6 22.
h4 h5 23.Ne2 f6 24.Ng3 fxg5 25.hxg5 h4 26.Nf5+ gxf5 27.exf5 Nxg5 28.Qg4 
h3+ 29.Kh2 Nf6 30.Qxg5+ Kh8 31.Rg1 Bg7 32.Rg3 Nh7 33.Qg6 e4 34.Qxh7+ 1-0

[Event "10th Lost Boys op"]
[Site "Amsterdam NED"]
[Date "2002.08.01"]
[Round "6.47"]
[White "De Roda Husman, Juan"]
[Black "Markus, John Raymond"]
[Result "1/2-1/2"]
[WhiteElo "2281"]
[BlackElo "2247"]
[EventDate "2002.07.26"]
[PlyCount "104"]

1.e4 e5 2.Nf3 Nc6 3.d4 exd4 4.Nxd4 Nf6 5.Nc3 Bb4 6.Nxc6 bxc6 7.Bd3 O-O 8.
O-O Re8 9.Bg5 h6 10.Bh4 d6 11.f4 Rb8 12.Kh1 Bxc3 13.bxc3 Bd7 14.Qf3 c5 15.
e5 dxe5 16.fxe5 Rxe5 17.Qg3 Re6 18.Bf5 Rbb6 19.Bxe6 Rxe6 20.Bxf6 Rxf6 21.
Rxf6 Qxf6 22.h3 Be6 23.a3 c6 24.Re1 c4 25.Qf3 Qh4 26.Qe4 Qxe4 27.Rxe4 Kf8 
28.Re5 Bd5 29.Re1 f5 30.Rb1 a5 31.Rb7 Be4 32.Ra7 g5 33.Kg1 h5 34.g3 Bxc2 
35.Rxa5 Ke7 36.Rc5 Kd6 37.Rxc4 c5 38.h4 Bb3 39.Rxc5 Kxc5 40.hxg5 Kb5 41.
Kf2 Ka4 42.Ke3 Bf7 43.Kf4 Kxa3 44.Kxf5 Kb3 45.g6 Bg8 46.Kg5 Kxc3 47.Kxh5 
Kd4 48.g4 Ke5 49.Kh6 Kf6 50.g5+ Kf5 51.Kg7 Kxg5 52.Kxg8 Kxg6 1/2-1/2

[Event "10th Lost Boys op"]
[Site "Amsterdam NED"]
[Date "2002.08.02"]
[Round "7.5"]
[White "Sadvakasov, Darmen"]
[Black "Peek, Marcel"]
[Result "1-0"]
[WhiteElo "2534"]
[BlackElo "2345"]
[EventDate "2002.07.26"]
[PlyCount "81"]

1.e4 c5 2.Nf3 d6 3.d4 cxd4 4.Nxd4 Nf6 5.f3 Nc6 6.c4 g6 7.Be3 Bg7 8.Nc3 O-O
9.Qd2 Bd7 10.Be2 Nxd4 11.Bxd4 Bc6 12.O-O a5 13.b3 Nd7 14.Be3 Nc5 15.Rab1 
Qb6 16.Rfc1 Rfc8 17.Nb5 Qd8 18.Rc2 Qf8 19.Nc3 h5 20.Bf1 Kh7 21.Nd5 Bxd5 
22.exd5 Bh6 23.f4 f5 24.Re1 Bg7 25.Bd4 Rc7 26.g3 Bxd4+ 27.Qxd4 Qg7 28.Qd1 
Rb8 29.Re3 b6 30.h3 Rh8 31.g4 Qh6 32.gxf5 gxf5 33.Rg2 Ne4 34.Bd3 Rg8 35.
Bxe4 fxe4 36.Reg3 Rcc8 37.Qe2 Rxg3 38.Rxg3 Rg8 39.Qxe4+ Kh8 40.Rxg8+ Kxg8 
41.Qf5 1-0